00310nam a2200121Ia 4500008004100000100001500041245004700056260004100103300000800144650001200152942000700164999001700171190216s9999||||xx |||||||||||||| ||und|| aSastry S S 0aIntroductory Methods Of Numerical Analysis bPrentice Hall Of India Pvt Ltdc2004 a380 aPhysics cBK c33839d33839